<?xml version="1.0" encoding="UTF-8"?>
<record
    xmlns:xsi="http://www.w3.org/2001/XMLSchema-instance"
    xsi:schemaLocation="http://www.loc.gov/MARC21/slim http://www.loc.gov/standards/marcxml/schema/MARC21slim.xsd"
    xmlns="http://www.loc.gov/MARC21/slim">

  <leader>02195nam a2200289 a 4500</leader>
  <controlfield tag="003">OSt</controlfield>
  <controlfield tag="005">20240904140933.0</controlfield>
  <controlfield tag="007">cr ||||||a|c|a</controlfield>
  <controlfield tag="008">240131s2022    mx a|||fom||| 001 0 spa d</controlfield>
  <datafield tag="040" ind1=" " ind2=" ">
    <subfield code="e">rda</subfield>
  </datafield>
  <datafield tag="100" ind1="1" ind2=" ">
    <subfield code="9">188515</subfield>
    <subfield code="a">Garc&#xED;a Herrera, Anacelia</subfield>
  </datafield>
  <datafield tag="245" ind1="1" ind2="0">
    <subfield code="a">Evaluaci&#xF3;n de atrayentes alimenticios para la captura masiva de nitid&#xFA;lidos en el cultivo de higo (Ficus carica L.) en Morelos, M&#xE9;xico /</subfield>
    <subfield code="c">por Anacelia Garc&#xED;a Herrera ; director de tesis Oscar Morales Galv&#xE1;n.</subfield>
  </datafield>
  <datafield tag="264" ind1=" " ind2="1">
    <subfield code="a">Chapingo, M&#xE9;xico :</subfield>
    <subfield code="b">El autor,</subfield>
    <subfield code="c">2022.</subfield>
  </datafield>
  <datafield tag="300" ind1=" " ind2=" ">
    <subfield code="a">1 recurso en l&#xED;nea (72 p&#xE1;ginas):</subfield>
    <subfield code="b">cuadros, figuras.</subfield>
  </datafield>
  <datafield tag="336" ind1=" " ind2=" ">
    <subfield code="2">rdacontent</subfield>
    <subfield code="a">texto</subfield>
    <subfield code="b">txt</subfield>
  </datafield>
  <datafield tag="337" ind1=" " ind2=" ">
    <subfield code="2">rdamedia</subfield>
    <subfield code="a">computadora</subfield>
    <subfield code="b">c</subfield>
  </datafield>
  <datafield tag="338" ind1=" " ind2=" ">
    <subfield code="2">rdacarrier</subfield>
    <subfield code="a">recurso en l&#xED;nea</subfield>
    <subfield code="b">cr</subfield>
  </datafield>
  <datafield tag="502" ind1=" " ind2=" ">
    <subfield code="b">IAEPA</subfield>
    <subfield code="c">Parasitolog&#xED;a</subfield>
    <subfield code="d">2022.</subfield>
    <subfield code="g">LIC</subfield>
  </datafield>
  <datafield tag="504" ind1=" " ind2=" ">
    <subfield code="a">Incluye referencias bibliogr&#xE1;ficas: p&#xE1;ginas 39-46.</subfield>
  </datafield>
  <datafield tag="520" ind1=" " ind2=" ">
    <subfield code="a">La presente investigaci&#xF3;n se realiz&#xF3; en un cultivo comercial de higo Ficus carica en Ayala, Morelos, entre noviembre de 2021 y enero de 2022, con la finalidad de evaluar diez atrayentes alimenticios (agua pura como control, levadura de t&#xF3;rula, prote&#xED;na hidrolizada &#xE1;cida, vinagre de manzana, jugo de pi&#xF1;a, melaza, prote&#xED;na enzim&#xE1;tica, pulque natural, sulfato de amonio y extracto de higo) para la captura de nitidulidos asociados al cultivo de higo. En total se realizaron diez muestreos, en los que se extrajeron, se contabilizaron y se identificaron las especies m&#xE1;s abundantes, estas son: Colopterus truncatus (Randall, 1838), Urophorus humeralis (Fabricius, 1798), Carpophilus hemipterus (Linnaeus, 1758) y Conotelus sp. As&#xED; tambi&#xE9;n, se determin&#xF3; que los tres mejores atrayentes fueron vinagre de manzana industrial, pulque natural y, jugo de pi&#xF1;a los cuales presentaron capturas significativamente diferentes al resto de los tratamientos.</subfield>
  </datafield>
  <datafield tag="650" ind1=" " ind2="4">
    <subfield code="9">55347</subfield>
    <subfield code="a">Higo</subfield>
    <subfield code="x">Plagas</subfield>
  </datafield>
  <datafield tag="650" ind1=" " ind2="4">
    <subfield code="9">95985</subfield>
    <subfield code="a">Repelentes y atrayentes de insectos</subfield>
  </datafield>
  <datafield tag="650" ind1=" " ind2="4">
    <subfield code="9">114609</subfield>
    <subfield code="a">Trampas para insectos</subfield>
  </datafield>
  <datafield tag="700" ind1="1" ind2=" ">
    <subfield code="9">78271</subfield>
    <subfield code="a">Morales Galv&#xE1;n, Oscar</subfield>
    <subfield code="e">Director de tesis.</subfield>
  </datafield>
  <datafield tag="856" ind1=" " ind2=" ">
    <subfield code="u">http://10.13.5.2/tesis/tm/1510854-4_Garcia_Herrera_Anacelia.pdf</subfield>
    <subfield code="z">DESCARGAR PDF</subfield>
  </datafield>
  <datafield tag="942" ind1=" " ind2=" ">
    <subfield code="2">Clasificaci&#xF3;n Universidad Aut&#xF3;noma Chapingo</subfield>
    <subfield code="c">TD</subfield>
  </datafield>
  <datafield tag="999" ind1=" " ind2=" ">
    <subfield code="c">219619</subfield>
    <subfield code="d">219619</subfield>
  </datafield>
  <datafield tag="952" ind1=" " ind2=" ">
    <subfield code="0">0</subfield>
    <subfield code="1">0</subfield>
    <subfield code="2">local</subfield>
    <subfield code="4">0</subfield>
    <subfield code="5">1</subfield>
    <subfield code="7">0</subfield>
    <subfield code="8">TesDigL</subfield>
    <subfield code="a">BD</subfield>
    <subfield code="b">BD</subfield>
    <subfield code="c">E_L</subfield>
    <subfield code="d">2024-01-31</subfield>
    <subfield code="l">0</subfield>
    <subfield code="o">Tesis digital</subfield>
    <subfield code="r">2024-01-31 00:00:00</subfield>
    <subfield code="w">2024-01-31</subfield>
    <subfield code="y">TD</subfield>
  </datafield>
</record>
